[Event "7. Anatoly Karpov"]
[Site "Poikovsky RUS"]
[Date "2006.03.19"]
[Round "2.1"]
[White "Onischuk, Alexander"]
[Black "Rublevsky, Sergei"]
[Result "1/2-1/2"]
[WhiteElo "2650"]
[BlackElo "2665"]
[PlyCount "69"]
[EventDate "2006.03.18"]
[EventType "tourn"]
[EventRounds "9"]
[EventCountry "RUS"]
[EventCategory "18"]
[Source "lmi"]
[SourceDate "2006.03.27"]

1. d4 d5 2. c4 dxc4 3. e4 e5 4. Nf3 exd4 5. Bxc4 Bb4+ 6. Bd2 Bxd2+ 7. Nbxd2 Qf6
8. Nb3 Nc6 9. Bb5 Nge7 10. Qxd4 Qxd4 11. Nfxd4 Bd7 12. O-O-O O-O-O 13. Nc5 Be8
14. Nc2 f5 15. exf5 Nxf5 16. Ne6 Rxd1+ 17. Rxd1 Nd6 18. Bd3 Bd7 19. Re1 Re8 20.
Nc5 Rxe1+ 21. Nxe1 Bf5 22. Kd2 Nd8 23. Nf3 b6 24. Bxf5+ Nxf5 25. Ne4 Kd7 26. g4
Ne7 27. Ne5+ Ke6 28. f4 Nd5 29. Ng5+ Kd6 30. Nd3 Ne6 31. Nxh7 Ndxf4 32. Nxf4
Nxf4 33. Ng5 Ke5 34. Nf3+ Ke4 35. Ng5+ 1/2-1/2